Accupressor & acupenture therapies / (Record no. 127165)

MARC details
000 -LEADER
fixed length control field 00676nam a22002297a 4500
005 - DATE AND TIME OF LATEST TRANSACTION
control field 20170124110020.0
010 ## - LIBRARY OF CONGRESS CONTROL NUMBER
LC control number A-946966
020 ## - INTERNATIONAL STANDARD BOOK NUMBER
Terms of availability 00.00
International Standard Book Number 8171820255
035 ## - SYSTEM CONTROL NUMBER
System control number A-946966
037 ## - SOURCE OF ACQUISITION
Source of stock number/acquisition Cen Lib/Ret
040 ## - CATALOGING SOURCE
Original cataloging agency DPL
Language of cataloging EN
082 ## - DEWEY DECIMAL CLASSIFICATION NUMBER
Classification number 615.892
Item number GOE
100 ## - MAIN ENTRY--PERSONAL NAME
Personal name Goel, Satish
9 (RLIN) 19612
245 ## - TITLE STATEMENT
Title Accupressor & acupenture therapies /
Statement of responsibility, etc by Satish Goel
260 ## - PUBLICATION, DISTRIBUTION, ETC. (IMPRINT)
Place of publication, distribution, etc New Delhi
Name of publisher, distributor, etc Diamond pocket books
Date of publication, distribution, etc 1999
270 ## - ADDRESS
Address X,30-Okhla industrial area phase 2
City New Delhi
Postal code 110020
300 ## - PHYSICAL DESCRIPTION
Extent 218p.
Dimensions 21cm(Hb)
650 ## - SUBJECT ADDED ENTRY--TOPICAL TERM
Topical term or geographic name as entry element Acupuncture
9 (RLIN) 19613
650 ## - SUBJECT ADDED ENTRY--TOPICAL TERM
Topical term or geographic name as entry element Acupuncture Therapies
9 (RLIN) 19614
700 ## - ADDED ENTRY--PERSONAL NAME
9 (RLIN) 7313
942 ## - ADDED ENTRY ELEMENTS (KOHA)
Source of classification or shelving scheme Dewey Decimal Classification
Koha item type English Books
Classification part 615.892
Call number suffix GOE
Holdings
Withdrawn status Lost status Damaged status Not for loan Home library Current library Date acquired Source of acquisition Cost, normal purchase price Total Checkouts Full call number Barcode Date last seen Date checked out Copy number Cost, replacement price Price effective from Koha item type
        Central Library Central Library 27/06/2015 Cen Lib/Ret 0.00 3 615.892 GOE A-946966 20/05/2024 20/03/2020 1 0.00 27/06/2015 English Books

© Delhi Public Library
Hit Counter
free hit counter